000
00275nam a22001097a 4500
041
_a
ENG
245
_a
Glossary Of Terms Relating To River Valley Projects
260
_a
New Delhi
_b
Bureau Of Indian Standards
_c
1977
300
_a
09
650
_a
BIS Code
856
_u
BIS Code
999
_c
2121
_d
2121